000 00371nam a2200145Ia 4500
008 231129s2000||||xx |||||||||||||| ||spa||
020 _a958-9212-51-4
040 _bspa
082 _a604.2 A325d
100 _aAlba Gustavo
245 0 _aDibujo tecnico elemental
260 _c2000
264 _aMigema Ediciones
942 _2ddc
_cBKS
999 _c9276
_d9276